| 000 | 00541nam a2200193Ia 4500 | ||
|---|---|---|---|
| 003 | OSt | ||
| 005 | 20240829144750.0 | ||
| 008 | 220927b |||||||| |||| 00| 0 eng d | ||
| 037 | _cTextual | ||
| 040 |
_aSDCL _cSDCL _beng |
||
| 041 |
_2eng _aeng |
||
| 082 | _aV4:19p4,N87 N1 | ||
| 100 |
_aGonsalves, Eric Ed. _9454711 |
||
| 245 | 0 | _aAsian relations | |
| 260 |
_aNew Delhi _bLancer International _c1991 |
||
| 300 | _axiii,477p | ||
| 942 |
_hV4:19p4,N87 N1 _cTEXL _2CC |
||
| 999 |
_c768430 _d768430 |
||